<?xml version="1.0" encoding="UTF-8"?>
<record
    xmlns:xsi="http://www.w3.org/2001/XMLSchema-instance"
    xsi:schemaLocation="http://www.loc.gov/MARC21/slim http://www.loc.gov/standards/marcxml/schema/MARC21slim.xsd"
    xmlns="http://www.loc.gov/MARC21/slim">

  <leader>00986    a2200193   4500</leader>
  <controlfield tag="001">59509</controlfield>
  <controlfield tag="005">20260407155849.0</controlfield>
  <controlfield tag="008">260407a1970    arg                 spa d</controlfield>
  <controlfield tag="003">AR-UNSa-BCEJYS</controlfield>
  <datafield tag="040" ind1=" " ind2=" ">
    <subfield code="a">AR-UNSa-BCEJYS</subfield>
    <subfield code="b">spa</subfield>
    <subfield code="c">AR-UNSa-BCEJYS</subfield>
  </datafield>
  <datafield tag="080" ind1=" " ind2=" ">
    <subfield code="a">330.56</subfield>
    <subfield code="x">Renta nacional. Producto nacional neto</subfield>
  </datafield>
  <datafield tag="245" ind1="1" ind2="0">
    <subfield code="a">An&#xE1;isis de la renta nacional</subfield>
  </datafield>
  <datafield tag="264" ind1=" " ind2="1">
    <subfield code="a">Madrid :</subfield>
    <subfield code="b">Ediciones Rialp</subfield>
    <subfield code="c">1970</subfield>
  </datafield>
  <datafield tag="300" ind1=" " ind2=" ">
    <subfield code="a">316 p.</subfield>
    <subfield code="c">22 cm.</subfield>
  </datafield>
  <datafield tag="505" ind1=" " ind2=" ">
    <subfield code="a">1. Sistemas de clasificaci&#xF3;n de las cuentas nacionales &#x2013; 2. &#xBF;Qu&#xE9; es el producto nacional? &#x2013; 3. Los componentes del output final &#x2013; 4. El sistema de cuentas &#x2013; 5. El sistema de cuentas y teor&#xED;a econ&#xF3;mica &#x2013; 6. &#xBF;Qu&#xE9; es lo que hace variar el producto nacional? (I) &#x2013; 7. &#xBF;Qu&#xE9; es lo que hace variar el producto nacional (II)? &#x2013; 8. &#xBF;Qu&#xE9; es un &#x201C;cambio&#x201D; en el producto nacional? &#x2013; 9. La medida de los cambios en el producto nacional</subfield>
  </datafield>
  <datafield tag="942" ind1=" " ind2=" ">
    <subfield code="c">BK</subfield>
  </datafield>
  <datafield tag="590" ind1=" " ind2=" ">
    <subfield code="a">niveau_biblio:m niveau_hierar:0</subfield>
  </datafield>
  <datafield tag="100" ind1="1" ind2=" ">
    <subfield code="a">Beckerman, W.</subfield>
  </datafield>
  <datafield tag="999" ind1=" " ind2=" ">
    <subfield code="c">6715</subfield>
    <subfield code="d">6715</subfield>
  </datafield>
  <datafield tag="952" ind1=" " ind2=" ">
    <subfield code="0">0</subfield>
    <subfield code="1">0</subfield>
    <subfield code="4">0</subfield>
    <subfield code="7">0</subfield>
    <subfield code="a">BCEJYS</subfield>
    <subfield code="b">BCEJYS</subfield>
    <subfield code="c">16</subfield>
    <subfield code="d">2026-04-07</subfield>
    <subfield code="l">0</subfield>
    <subfield code="o">330.56 B394</subfield>
    <subfield code="p">L23631</subfield>
    <subfield code="r">2026-04-07 15:58:49</subfield>
    <subfield code="w">2026-04-07</subfield>
    <subfield code="y">L</subfield>
  </datafield>
</record>
